| 000 | 00815nam a22002297a 4500 | ||
|---|---|---|---|
| 003 | 0 | ||
| 005 | 20251107124453.0 | ||
| 008 | 251107b xxu||||| |||| 00| 0 eng d | ||
| 020 | _a0-14-303497-9 | ||
| 050 |
_aE 840.8.H835A3 _b.H84 2005 |
||
| 100 |
_aHughes, Karen, _eauthor. |
||
| 245 |
_aTen minutes from normal / _cKaren Hughes. |
||
| 260 |
_aNew York, NY : _bPenguin Group, _c2005. |
||
| 300 |
_axvii, 346 pages : _billustrations ; _c21 cm. |
||
| 600 | _aHughes, Karen. | ||
| 600 |
_aBush, George W. (George Walker) _d1946 _tFriends and associates. |
||
| 650 |
_aPresidents _zUnited States _xStaff _vBiography. |
||
| 650 |
_aWomen lawyers _zUnited States _xBiography. |
||
| 650 |
_aPolitical consultants _zUnited States _xBiography. |
||
| 650 |
_aUnited States _xPolitics and government _y2001-. |
||
| 942 |
_2lcc _cBK |
||
| 999 |
_c368490 _d368490 |
||